Image restoration : (Record no. 23831)

MARC details
000 -LEADER
fixed length control field 01535cam a22002415a 4500
001 - CONTROL NUMBER
control field 17323749
005 - DATE AND TIME OF LATEST TRANSACTION
control field 20170104113816.0
008 - FIXED-LENGTH DATA ELEMENTS--GENERAL INFORMATION
fixed length control field 120530t2013 flua frb 001 0 eng d
020 ## - INTERNATIONAL STANDARD BOOK NUMBER
International Standard Book Number 9781439869550
040 ## - CATALOGING SOURCE
Original cataloging agency DLC
Transcribing agency DLC
Modifying agency DLC
-- EG-ScBUE
Language of cataloging eng
082 04 - DEWEY DECIMAL CLASSIFICATION NUMBER
Edition number 22
Classification number 006.6
Item number IMG
245 00 - TITLE STATEMENT
Title Image restoration :
Remainder of title fundamentals and advances /
Statement of responsibility, etc editors Bahadir K. Gunturk, Xin Li.
260 ## - PUBLICATION, DISTRIBUTION, ETC. (IMPRINT)
Place of publication, distribution, etc Boca Raton :
Name of publisher, distributor, etc CRC Press / Taylor & Francis Group,
Date of publication, distribution, etc c.2013.
300 ## - PHYSICAL DESCRIPTION
Extent xvii, 343 p. :
Other physical details ill. (some col.) ;
Dimensions 27 cm.
490 0# - Series Statement
Series statement Digital imaging and computer vision
504 ## - BIBLIOGRAPHY, ETC. NOTE
Bibliography, etc Includes bibliographical references and index.
520 ## - SUMMARY, ETC.
Summary, etc "Addressing a variety of applications, this book covers a wide range of topics pertaining to image restoration. Topics covered include image denoising, document image analysis, remote sensing applications, and image formation modeling. Content also addresses blind image restoration, iterative optimization techniques, learning-based image restoration, and non-local approach, as well as super-resolution, multi-spectral restoration, and video inpainting. Contributors from various countries help readers understand the essentials, the state of the art, and the research directions. The text features background material, mathematical content, a survey of the methods, examples, comparisons, and a bibliography. "--
650 #0 - SUBJECT ADDED ENTRY--TOPICAL TERM
Topical term or geographic name as entry element Image reconstruction.
Source of heading or term BUEsh
653 ## - INDEX TERM--UNCONTROLLED
Resource For college Informatics and Computer Science
Arrived date list January2017
700 1# - ADDED ENTRY--PERSONAL NAME
Personal name Gunturk, Bahadir K.
Fuller form of name (Bahadir Kursat)
700 1# - ADDED ENTRY--PERSONAL NAME
Personal name Li, Xin,
Dates associated with a name 1974-
942 ## - ADDED ENTRY ELEMENTS (KOHA)
Source of classification or shelving scheme Dewey Decimal Classification
Holdings
Withdrawn status Item status Source of classification or shelving scheme Damaged status Not for loan Vendor Home library Current library Shelving location Date acquired Source of acquisition Cost, normal purchase price Serial Enumeration / chronology Total Checkouts Total Renewals Full call number Barcode Date last seen Date last borrowed Cost, replacement price Koha item type
    Dewey Decimal Classification     Scientific home BookShop Central Library Central Library Lower Floor 04/01/2017 Purchase 1250.00 2691 1 1 006.6 IMG 000040749 15/07/2025 04/07/2021 1562.50 Book - Borrowing